Lyndendown Ltd v Vitamol Ltd (Record no. 79226)
[ view plain ]
| 000 -LEADER | |
|---|---|
| fixed length control field | 01834cab a22001935a 4500 |
| 001 - CONTROL NUMBER | |
| control field | L140196 |
| 008 - FIXED-LENGTH DATA ELEMENTS--GENERAL INFORMATION | |
| fixed length control field | 070911e20070607xxk f v 000 0 eng d |
| 035 ## - SYSTEM CONTROL NUMBER | |
| System control number | (Sirsi) u140196 |
| 041 0# - LANGUAGE CODE | |
| Language code of text/sound track or separate title | eng |
| 245 00 - TITLE STATEMENT | |
| Title | Lyndendown Ltd v Vitamol Ltd |
| Medium | [electronic resource] |
| 260 ## - PUBLICATION, DISTRIBUTION, ETC. | |
| Date of publication, distribution, etc. | 2007 |
| 520 ## - SUMMARY, ETC. | |
| Summary, etc. | [2007] EWCA Civ 826 6 July 2007. Court of Appeal (Civil division). Case No: B/1/2006/1436. Case concerned the rights and obligations of landlord and tenant for repairs under a business lease. The appellant owned the freehold reversion of two units on an industrial estate. The respondent's tenancy of the units was subject to Part II of the Landlord and Tenant Act 1954 and contained a covenant to deliver up the property and to pay for any dilapidations. The appellant granted the tenant a license to sublet the units to a third party bound to observe and perform the covenants in the headlease, but in a side letter the tenant's parent company gave an undertaking to the sub-tenant that its obligations to repair would be limited to making the property wind and watertight. After the headlease expired the sub-tenant remained in occupation. Appellant commenced proceedings against the tenant for breach of the repairing covenants. Issues: whether appellant was entitled to any damages for dilapidations; whether a side letter resulted in diminution in value of reversion. Held: appeal dismissed. The side letter did not affect the value of the reversion and there was no error of law in the original decision. |
| 590 ## - LOCAL NOTE (RLIN) | |
| Local note | KA |
| 650 24 - SUBJECT ADDED ENTRY--TOPICAL TERM | |
| Topical term or geographic name entry element | LYNDENDOWN LTD V VITAMOL LTD |
| 650 24 - SUBJECT ADDED ENTRY--TOPICAL TERM | |
| Topical term or geographic name entry element | LANDLORD AND TENANT ACT 1954 |
| 690 ## - LOCAL SUBJECT ADDED ENTRY--TOPICAL TERM (OCLC, RLIN) | |
| Topical term or geographic name as entry element | PROPERTY-COMMERCIAL PROPERTY-LANDLORD AND TENANT-BUSINESS LEASES |
| 856 40 - ELECTRONIC LOCATION AND ACCESS | |
| Uniform Resource Identifier | <a href="https://www.bailii.org/ew/cases/EWCA/Civ/2007/826.html">https://www.bailii.org/ew/cases/EWCA/Civ/2007/826.html</a> |
| Hours access method available | View this transcript free of charge at www.bailii.org... |
| 942 ## - ADDED ENTRY ELEMENTS (KOHA) | |
| Suppress in OPAC | 0 |
| Withdrawn status | Lost status | Source of classification or shelving scheme | Damaged status | Not for loan | Home library | Current library | Shelving location | Date acquired | Total Checkouts | Full call number | Barcode | Date last seen | Copy number | Price effective from | Koha item type |
|---|---|---|---|---|---|---|---|---|---|---|---|---|---|---|---|
| Dewey Decimal Classification | Virtual | Virtual | Online | 11/09/2007 | ONLINE PUBLICATION | 140196-1001 | 06/08/2019 | 1 | 06/08/2019 | Law report |